<?xml version="1.0" encoding="UTF-8"?>
<record
    xmlns:xsi="http://www.w3.org/2001/XMLSchema-instance"
    xsi:schemaLocation="http://www.loc.gov/MARC21/slim http://www.loc.gov/standards/marcxml/schema/MARC21slim.xsd"
    xmlns="http://www.loc.gov/MARC21/slim">

  <leader>00969cam a22002531  4500</leader>
  <controlfield tag="001">ne 67002027 </controlfield>
  <controlfield tag="003">DLC</controlfield>
  <controlfield tag="005">20260227111835.0</controlfield>
  <controlfield tag="008">900508s1965    ua       b    000 0 ara  </controlfield>
  <datafield tag="010" ind1=" " ind2=" ">
    <subfield code="a">ne 67002027 </subfield>
  </datafield>
  <datafield tag="025" ind1=" " ind2=" ">
    <subfield code="a">PL480:UAR-6149</subfield>
  </datafield>
  <datafield tag="035" ind1=" " ind2=" ">
    <subfield code="a">(OCoLC)21493884</subfield>
  </datafield>
  <datafield tag="040" ind1=" " ind2=" ">
    <subfield code="a">DLC</subfield>
    <subfield code="c">WaU</subfield>
    <subfield code="d">WaU</subfield>
    <subfield code="d">DLC</subfield>
  </datafield>
  <datafield tag="042" ind1=" " ind2=" ">
    <subfield code="a">premarc</subfield>
  </datafield>
  <datafield tag="050" ind1="0" ind2="0">
    <subfield code="a">BP183.6</subfield>
    <subfield code="b">.M78 1965</subfield>
  </datafield>
  <datafield tag="100" ind1="1" ind2=" ">
    <subfield code="a">Mu&#x1E25;&#x101;sib&#x12B;, al-&#x1E24;&#x101;rith ibn Asad,</subfield>
    <subfield code="d">-857 or 858.</subfield>
  </datafield>
  <datafield tag="245" ind1="1" ind2="3">
    <subfield code="a">al-Wa&#x1E63;&#x101;y&#x101;,</subfield>
    <subfield code="b">aw al-Na&#x1E63;&#x101;&#x2BC;i&#x1E25; al-d&#x12B;n&#x12B;yah wa-al-nafaj&#x323;&#x101;t al-quds&#x12B;yah li-naf&#x2BB; jam&#x12B;&#x2BB; al-bar&#x12B;yah.</subfield>
    <subfield code="c">[ta&#x2BC;l&#x12B;f] al-&#x1E24;&#x101;rith ibn Asad al-Mu&#x1E25;&#x101;sib&#x12B;. Ta&#x1E25;q&#x12B;q wa-ta&#x2BB;l&#x12B;q wa-taqd&#x12B;m &#x2BB;Abd al-Q&#x101;dir A&#x1E25;mad &#x2BB;A&#x1E6D;&#x101;.</subfield>
  </datafield>
  <datafield tag="260" ind1=" " ind2=" ">
    <subfield code="a">[al-Q&#x101;hirah]</subfield>
    <subfield code="b">Mu&#x1E25;ammad &#x2BB;Al&#x12B; &#x1E62;ab&#x12B;&#x1E25;</subfield>
    <subfield code="c">[1965]</subfield>
  </datafield>
  <datafield tag="300" ind1=" " ind2=" ">
    <subfield code="a">175 p.</subfield>
    <subfield code="c">22 cm.</subfield>
  </datafield>
  <datafield tag="504" ind1=" " ind2=" ">
    <subfield code="a">Bibliography: p. [23]</subfield>
  </datafield>
  <datafield tag="650" ind1=" " ind2="0">
    <subfield code="a">Islamic sermons.</subfield>
  </datafield>
  <datafield tag="700" ind1="1" ind2=" ">
    <subfield code="a">&#x2BB;A&#x1E6D;&#x101;, &#x2BB;Abd al-Q&#x101;dir A&#x1E25;mad.</subfield>
  </datafield>
  <datafield tag="740" ind1="0" ind2=" ">
    <subfield code="a">Na&#x1E63;&#x101;&#x2BC;i&#x1E25; al-d&#x12B;n&#x12B;yah wa-al-nafa&#x1E25;&#x101;t al-quds&#x12B;yah.</subfield>
  </datafield>
  <datafield tag="999" ind1=" " ind2=" ">
    <subfield code="c">49892</subfield>
    <subfield code="d">49892</subfield>
  </datafield>
</record>
